| 000 | 01047cam a22003137a 4500 | ||
|---|---|---|---|
| 003 | CHAP | ||
| 005 | 20220329141501.0 | ||
| 008 | 971013s1988 r 00010 d | ||
| 010 | _a68887 | ||
| 011 | _a69859 | ||
| 035 | _a79337 | ||
| 040 | _cCHAP | ||
| 082 |
_a632 _bA37 1988 |
||
| 100 | 0 | 0 |
_aAgrios, George N. _92140 |
| 245 | 0 | _aPlant pathology | |
| 250 | _a3 ed. | ||
| 260 |
_aSan Diego : _bAcademic Press, _c1988 |
||
| 300 |
_a803 p. _b: ilus. |
||
| 590 |
_aBATCH-UPD _b10 _c20130110 _lUCH01 _h2009 |
||
| 590 |
_aBATCH-UPD _b10 _c20130410 _lUCH01 _h1328 |
||
| 590 |
_aBATCH-UPD _b10 _c20130914 _lUCH01 _h1414 |
||
| 590 |
_aCONVERSION _b10 _c20130109 _lUCH01 _h1338 |
||
| 650 | 1 | 4 |
_aFitopatología. _941161 |
| 901 | _aBK | ||
| 942 | _cLIBRO | ||
| 949 |
_a632 A37 1988 _bBC _cLIBRO _d33724000420519 _eLIBRO _fc.2 _gI. 149345 _h77367 _i79337 _si _t147.02 |
||
| 949 |
_a632 A37 1988 _bBC _cLIBRO _d33724000830998 _eLIBRO _fc.3 _gI. 155389 _h78918 _i79337 _si _t195.70 |
||
| 949 |
_a632 A37 1988 _bBC _cLIBRO _d33724000983029 _eLIBRO _gI.147672 _h76225 _i79337 _si _t199.90 |
||
| 999 |
_c68887 _d68887 |
||